[Event "5MCR_4D_1L_1S"]
[Site "?"]
[Date "2002.??.??"]
[Round "?"]
[White "Merlicek, Jiri"]
[Black "Satransky, Jaroslav"]
[Result "1-0"]
[WhiteElo "2390"]
[BlackElo "2260"]
[PlyCount "43"]
[EventDate "2002.??.??"]
[EventType "corr"]
[SourceDate "2004.??.??"]

1. d4 Nf6 2. c4 c5 3. d5 b5 4. cxb5 a6 5. bxa6 Bxa6 6. Nc3 d6 7. g3 g6 8. Bg2
Bg7 9. Nf3 Nbd7 10. Rb1 O-O 11. O-O Nb6 12. b3 Qc7 13. Bb2 Rfb8 14. Re1 Ra7 15.
h3 Nbd7 16. Qd2 Rb4 17. Nh2 Qb8 18. Ba1 Qa8 19. Nf1 Qd8 20. Ne3 Rd4 21. Qc1 Rb4
22. Nc2 1-0

[Event "5MCR_4D_1L_1S"]
[Site "?"]
[Date "2002.??.??"]
[Round "?"]
[White "Merlicek, Jiri"]
[Black "Soucha, Stepan"]
[Result "1/2-1/2"]
[WhiteElo "2390"]
[BlackElo "2335"]
[PlyCount "77"]
[EventDate "2002.??.??"]
[EventType "corr"]
[SourceDate "2004.??.??"]

1. d4 Nf6 2. c4 e6 3. Nf3 d5 4. Nc3 Be7 5. Bg5 O-O 6. e3 h6 7. Bh4 b6 8. Be2
Bb7 9. Bxf6 Bxf6 10. cxd5 exd5 11. b4 c6 12. O-O a5 13. b5 c5 14. Rc1 Nd7 15.
dxc5 Nxc5 16. Nd4 Rc8 17. Bg4 Rc7 18. Na4 Ne4 19. Nc6 Bxc6 20. bxc6 Qd6 21.
Nxb6 Nc3 22. Rxc3 Bxc3 23. Nxd5 Rxc6 24. Nxc3 Qxd1 25. Nxd1 Rd8 26. f4 a4 27.
Bf3 Rc2 28. Rf2 Rxf2 29. Kxf2 Rd2+ 30. Ke1 Rxa2 31. Nc3 Ra1+ 32. Kd2 a3 33. Kc2
f5 34. Kb3 Kf7 35. Bd5+ Kf6 36. e4 fxe4 37. Bxe4 g5 38. fxg5+ hxg5 39. Bf3
1/2-1/2

[Event "5MCR_4D_1L_1S"]
[Site "?"]
[Date "2002.??.??"]
[Round "?"]
[White "Merlicek, Jiri"]
[Black "Svoboda, Frantisek"]
[Result "0-1"]
[WhiteElo "2390"]
[BlackElo "2420"]
[PlyCount "60"]
[EventDate "2002.??.??"]
[EventType "corr"]
[SourceDate "2004.??.??"]

1. e4 e6 2. d4 d5 3. Nc3 Nf6 4. Bg5 dxe4 5. Nxe4 Be7 6. Bxf6 gxf6 7. Nf3 a6 8.
c4 f5 9. Nc3 Bf6 10. Qd2 c5 11. d5 e5 12. Qc2 e4 13. Nd2 Nd7 14. O-O-O Ne5 15.
Re1 b5 16. f3 b4 17. Nd1 a5 18. fxe4 f4 19. Nf3 a4 20. Nxe5 b3 21. axb3 axb3
22. Qc3 Qe7 23. Qxb3 Bxe5 24. Kc2 O-O 25. Qf3 Bd7 26. Nc3 Rfb8 27. b3 Ra3 28.
Rb1 Bxc3 29. Kxc3 Qe5+ 30. Kd2 f5 0-1

[Event "5MCR_4D_1L_1S"]
[Site "?"]
[Date "2002.??.??"]
[Round "?"]
[White "Rybak, Radek"]
[Black "Hala, Martin"]
[Result "1/2-1/2"]
[WhiteElo "2390"]
[BlackElo "2405"]
[PlyCount "54"]
[EventDate "2002.??.??"]
[EventType "corr"]
[SourceDate "2004.??.??"]

1. e4 e5 2. Nf3 Nc6 3. Bc4 Nf6 4. d4 exd4 5. e5 d5 6. Bb5 Ne4 7. Nxd4 Bc5 8.
Be3 Bd7 9. Bxc6 bxc6 10. Nd2 Nxd2 11. Qxd2 O-O 12. O-O Bb6 13. Bg5 Qe8 14. Rae1
Be6 15. Re3 Bxd4 16. Qxd4 Bf5 17. g4 Bg6 18. f4 Be4 19. f5 c5 20. Qxc5 Qxe5 21.
Rc3 Rab8 22. b3 Rfc8 23. a4 a6 24. Bf4 Qf6 25. Qc6 Qd4+ 26. Be3 Qb4 27. Qc5 f6
1/2-1/2

[Event "5MCR_4D_1L_1S"]
[Site "?"]
[Date "2002.??.??"]
[Round "?"]
[White "Rybak, Radek"]
[Black "Jandek, Stefan"]
[Result "1/2-1/2"]
[WhiteElo "2390"]
[BlackElo "2345"]
[PlyCount "62"]
[EventDate "2002.??.??"]
[EventType "corr"]
[SourceDate "2004.??.??"]

1. e4 c5 2. c3 Nf6 3. e5 Nd5 4. d4 cxd4 5. Nf3 Nc6 6. Bc4 Nb6 7. Bb3 d5 8. exd6
Qxd6 9. O-O Be6 10. Na3 dxc3 11. Qe2 Bxb3 12. Nb5 Qb8 13. axb3 e5 14. Nfd4 Nxd4
15. Nxd4 f6 16. bxc3 Kf7 17. Nb5 a6 18. Be3 axb5 19. Bxb6 Rxa1 20. Rxa1 Qe8 21.
Ra5 Qc6 22. Qxb5 Qxc3 23. Qd5+ Kg6 24. g4 Qc6 25. Qxc6 bxc6 26. Ra8 Kf7 27. Bc5
h6 28. Ra7+ Kg6 29. Ra8 Kf7 30. Ra7+ Kg6 31. Ra8 Kf7 1/2-1/2

[Event "5MCR_4D_1L_1S"]
[Site "?"]
[Date "2002.??.??"]
[Round "?"]
[White "Rybak, Radek"]
[Black "Merlicek, Jiri"]
[Result "0-1"]
[WhiteElo "2390"]
[BlackElo "2390"]
[PlyCount "74"]
[EventDate "2002.??.??"]
[EventType "corr"]
[SourceDate "2004.??.??"]

1. e4 c5 2. c3 Nf6 3. e5 Nd5 4. d4 cxd4 5. Nf3 Nc6 6. Bc4 Nb6 7. Bb3 d5 8. exd6
Qxd6 9. O-O Be6 10. Na3 dxc3 11. Qe2 Bxb3 12. Nb5 Qb8 13. axb3 g6 14. Be3 Nc8
15. bxc3 Bg7 16. Nbd4 O-O 17. Nxc6 bxc6 18. Nd4 c5 19. Nc6 Qxb3 20. Bxc5 Qxc3
21. Rac1 Qf6 22. Qa6 Re8 23. Rfd1 Qe6 24. Be3 Bf6 25. h3 Nd6 26. Nxa7 Reb8 27.
Qc6 Qa2 28. Qc5 Kg7 29. g4 h6 30. Re1 Rb2 31. Ra1 Qb3 32. Ra3 Qb7 33. Rc1 Ne4
34. Qc6 Qxc6 35. Rxc6 Rd8 36. Rc1 Bh4 37. Rf1 Rc2 0-1

[Event "5MCR_4D_1L_1S"]
[Site "?"]
[Date "2002.??.??"]
[Round "?"]
[White "Rybak, Radek"]
[Black "Satransky, Jaroslav"]
[Result "1-0"]
[WhiteElo "2390"]
[BlackElo "2260"]
[PlyCount "47"]
[EventDate "2002.??.??"]
[EventType "corr"]
[SourceDate "2004.??.??"]

1. e4 e5 2. Nf3 Nc6 3. Bc4 Nf6 4. d4 exd4 5. e5 d5 6. Bb5 Ne4 7. Nxd4 Bd7 8.
Bxc6 bxc6 9. O-O Be7 10. f3 Nc5 11. f4 O-O 12. f5 Re8 13. Nc3 Bf8 14. Bf4 Qb8
15. Rb1 Qb6 16. Kh1 Qb4 17. Bg3 Qc4 18. Qd2 Rad8 19. e6 fxe6 20. f6 gxf6 21.
Rxf6 Re7 22. Be5 Bg7 23. Qg5 Rf8 24. b3 1-0

[Event "5MCR_4D_1L_1S"]
[Site "?"]
[Date "2002.??.??"]
[Round "?"]
[White "Rybak, Radek"]
[Black "Soucha, Stepan"]
[Result "1/2-1/2"]
[WhiteElo "2390"]
[BlackElo "2335"]
[PlyCount "31"]
[EventDate "2002.??.??"]
[EventType "corr"]
[SourceDate "2004.??.??"]

1. e4 e5 2. Nf3 Nc6 3. Bc4 Nf6 4. d4 exd4 5. e5 Ng4 6. Qe2 Qe7 7. Bf4 d6 8.
exd6 cxd6 9. Nbd2 Bf5 10. Nb3 Qxe2+ 11. Bxe2 d3 12. cxd3 Nge5 13. Kd2 Be7 14.
Nbd4 Nxf3+ 15. Nxf3 O-O 16. Rhc1 1/2-1/2

[Event "5MCR_4D_1L_1S"]
[Site "?"]
[Date "2002.??.??"]
[Round "?"]
[White "Rybak, Radek"]
[Black "Straka, Zdenek"]
[Result "1/2-1/2"]
[WhiteElo "2390"]
[BlackElo "2360"]
[PlyCount "24"]
[EventDate "2002.??.??"]
[EventType "corr"]
[SourceDate "2004.??.??"]

1. e4 e5 2. Nf3 Nc6 3. Bc4 Bc5 4. c3 Nf6 5. O-O Nxe4 6. d4 d5 7. Nxe5 Nxe5 8.
Bb3 O-O 9. f3 Nxf3+ 10. gxf3 Bd6 11. fxe4 Bxh2+ 12. Kxh2 Qh4+ 1/2-1/2

[Event "5MCR_4D_1L_1S"]
[Site "?"]
[Date "2002.??.??"]
[Round "?"]
[White "Satransky, Jaroslav"]
[Black "Hlavac, Frantisek"]
[Result "1/2-1/2"]
[WhiteElo "2260"]
[BlackElo "2405"]
[PlyCount "56"]
[EventDate "2002.??.??"]
[EventType "corr"]
[SourceDate "2004.??.??"]

1. e4 e5 2. Nf3 Nf6 3. Nxe5 d6 4. Nf3 Nxe4 5. d4 d5 6. Bd3 Be7 7. O-O Nc6 8. c4
Nf6 9. cxd5 Nxd5 10. Nc3 Be6 11. Re1 O-O 12. a3 Bf6 13. Bc2 Re8 14. Be4 Nce7
15. Ng5 Bxg5 16. Bxg5 f6 17. Bd2 Qd7 18. Qc2 g6 19. Re2 c6 20. Rae1 Kf7 21. Na4
b6 22. Nc3 Nc7 23. Be3 Nf5 24. h3 Nd5 25. Nxd5 Bxd5 26. Bxf5 Qxf5 27. Qxf5 gxf5
28. f3 Rad8 1/2-1/2

[Event "5MCR_4D_1L_1S"]
[Site "?"]
[Date "2002.??.??"]
[Round "?"]
[White "Satransky, Jaroslav"]
[Black "Hostinsky, Jiri"]
[Result "1/2-1/2"]
[WhiteElo "2260"]
[BlackElo "2430"]
[PlyCount "92"]
[EventDate "2002.??.??"]
[EventType "corr"]
[SourceDate "2004.??.??"]

1. e4 c5 2. Nf3 Nc6 3. Bb5 d6 4. O-O Bd7 5. c3 Nf6 6. Re1 a6 7. Bc4 Bg4 8. d4
cxd4 9. cxd4 Bxf3 10. Qxf3 Nxd4 11. Qd1 e5 12. Be3 Rc8 13. Na3 Ne6 14. Qb3 Qd7
15. Bxe6 fxe6 16. Nc4 Rc6 17. Red1 Qc7 18. Bb6 Qc8 19. Na5 Rc2 20. Be3 Be7 21.
Rac1 Rxc1 22. Rxc1 Qd7 23. Nc4 Kf7 24. Nb6 Qb5 25. Qxb5 axb5 26. Rc7 Rd8 27. g4
Ke8 28. f3 d5 29. exd5 exd5 30. g5 Nh5 31. Kf1 d4 32. Bd2 Nf4 33. Bxf4 exf4 34.
Ke2 Rd6 35. Rxb7 Bxg5 36. Kd3 Bf6 37. Na8 Bd8 38. Nc7+ Bxc7 39. Rxc7 Rh6 40.
Rc2 Rh3 41. Rf2 Kd7 42. Kxd4 Kc6 43. Rc2+ Kb6 44. Ke4 g5 45. Rg2 h6 46. b4 Kc6
1/2-1/2

[Event "5MCR_4D_1L_1S"]
[Site "?"]
[Date "2002.??.??"]
[Round "?"]
[White "Satransky, Jaroslav"]
[Black "Jedlicka, Ales"]
[Result "1/2-1/2"]
[WhiteElo "2260"]
[BlackElo "2270"]
[PlyCount "106"]
[EventDate "2002.??.??"]
[EventType "corr"]
[SourceDate "2004.??.??"]

1. e4 c5 2. Nf3 d6 3. d4 cxd4 4. Nxd4 Nf6 5. Nc3 a6 6. Bg5 e6 7. f4 h6 8. Bh4
Be7 9. Qf3 Qc7 10. O-O-O Nbd7 11. Bd3 g5 12. fxg5 Ne5 13. Qe2 Nfg4 14. Nf3 hxg5
15. Bxg5 Bxg5+ 16. Nxg5 Qc5 17. Nh3 Bd7 18. Kb1 O-O-O 19. Rdf1 Rdg8 20. Re1 Bc6
21. Qd2 Kb8 22. Re2 Qd4 23. Rd1 Nxh2 24. Qf4 Nhg4 25. Bxa6 Qc5 26. Bd3 b5 27.
a3 b4 28. axb4 Qxb4 29. Qd2 Kb7 30. Ree1 Ra8 31. Bf1 Qa5 32. Kc1 Rhd8 33. Qd4
Qc5 34. Qxc5 dxc5 35. Rxd8 Rxd8 36. Ng1 Kb6 37. b3 c4 38. Nf3 Kc5 39. Kb2 f6
40. Na2 cxb3 41. cxb3 Kb6 42. Nc3 Nd3+ 43. Bxd3 Rxd3 44. Kc2 Re3 45. Kd2 Rxe1
46. Nxe1 Kc5 47. Nc2 Ne5 48. Ke3 Ng4+ 49. Kf4 Nf2 50. Kf3 Nd3 51. Ke3 Nc1 52.
Nd4 Bd7 53. e5 fxe5 1/2-1/2

[Event "5MCR_4D_1L_1S"]
[Site "?"]
[Date "2002.??.??"]
[Round "?"]
[White "Satransky, Jaroslav"]
[Black "Jerabek, Zdenek"]
[Result "0-1"]
[WhiteElo "2260"]
[BlackElo "2235"]
[PlyCount "52"]
[EventDate "2002.??.??"]
[EventType "corr"]
[SourceDate "2004.??.??"]

1. e4 c5 2. Nf3 d6 3. d4 cxd4 4. Nxd4 Nf6 5. Nc3 a6 6. Bg5 e6 7. f4 Qb6 8. a3
Nbd7 9. Be2 Be7 10. Nb3 h6 11. Bxf6 Bxf6 12. Qd3 g5 13. f5 Nc5 14. Qe3 Na4 15.
Qxb6 Nxb6 16. O-O-O Ke7 17. Nd4 Bd7 18. Bh5 Rhc8 19. Rd3 Rc4 20. Rhd1 Rac8 21.
Kb1 Bc6 22. g3 Nd7 23. b3 Rxd4 24. Rxd4 Bxd4 25. Rxd4 Nf6 26. Be2 e5 0-1

[Event "5MCR_4D_1L_1S"]
[Site "?"]
[Date "2002.??.??"]
[Round "?"]
[White "Satransky, Jaroslav"]
[Black "Kolar, Pavel"]
[Result "0-1"]
[WhiteElo "2260"]
[BlackElo "2260"]
[PlyCount "50"]
[EventDate "2002.??.??"]
[EventType "corr"]
[SourceDate "2004.??.??"]

1. e4 e6 2. d4 d5 3. Nd2 Nf6 4. e5 Nfd7 5. f4 c5 6. c3 Nc6 7. Ndf3 Qb6 8. g3
cxd4 9. cxd4 Be7 10. Kf2 O-O 11. Kg2 Kh8 12. Ne2 f6 13. Nc3 fxe5 14. dxe5 a6
15. Qc2 Qc5 16. Qd3 b5 17. Be3 d4 18. Nxd4 Ndxe5 19. Qe4 Ng4 20. Nc2 Nxe3+ 21.
Qxe3 Bb7 22. Qxc5 Bxc5 23. Bd3 Nb4+ 24. Be4 Nxc2 25. Bxb7 Ra7 0-1

[Event "5MCR_4D_1L_1S"]
[Site "?"]
[Date "2002.??.??"]
[Round "?"]
[White "Satransky, Jaroslav"]
[Black "Svoboda, Frantisek"]
[Result "0-1"]
[WhiteElo "2260"]
[BlackElo "2420"]
[PlyCount "51"]
[EventDate "2002.??.??"]
[EventType "corr"]
[SourceDate "2004.??.??"]

1. e4 e6 2. d4 d5 3. Nd2 Nf6 4. e5 Nfd7 5. f4 c5 6. c3 Nc6 7. Ndf3 cxd4 8. Nxd4
Be7 9. Ngf3 Nc5 10. Be2 O-O 11. O-O Nxd4 12. Nxd4 f6 13. exf6 Bxf6 14. Be3 b6
15. Qd2 Bd7 16. Bf3 Qc7 17. Rad1 Rae8 18. Rfe1 Kh8 19. g3 Ba4 20. b3 Bd7 21.
Bf2 a6 22. Bg2 Bc8 23. Qc2 Bb7 24. c4 Qf7 25. Nf3 dxc4 26. Qxc4 0-1

[Event "5MCR_4D_1L_1S"]
[Site "?"]
[Date "2002.??.??"]
[Round "?"]
[White "Satransky, Jaroslav"]
[Black "Zpevak, Pavel"]
[Result "1-0"]
[WhiteElo "2260"]
[BlackElo "2400"]
[PlyCount "81"]
[EventDate "2002.??.??"]
[EventType "corr"]
[SourceDate "2004.??.??"]

1. e4 c5 2. Nf3 e6 3. d4 cxd4 4. Nxd4 a6 5. Bd3 Bc5 6. Nb3 Ba7 7. Qg4 Nf6 8.
Qg3 d6 9. Nc3 Nc6 10. O-O O-O 11. Bg5 Ne5 12. Be2 b5 13. a3 Bb7 14. Kh1 Ng6 15.
Rad1 Bb8 16. f4 h6 17. f5 hxg5 18. fxg6 Qe7 19. Qxg5 fxg6 20. Na5 Ra7 21. Nxb7
Rxb7 22. Qxg6 Qf7 23. Qg5 Rc7 24. e5 dxe5 25. Qxe5 Rc4 26. Qe3 Rh4 27. g3 Rh6
28. Ne4 Qb7 29. Bf3 Qc7 30. c3 Nd5 31. Qe2 Ba7 32. Rd3 Rf5 33. Rfd1 Bb6 34. a4
Kh8 35. b3 bxa4 36. c4 Nf6 37. Rd8+ Qxd8 38. Rxd8+ Bxd8 39. Nd6 axb3 40. Nxf5
exf5 41. Qe5 1-0

[Event "5MCR_4D_1L_1S"]
[Site "?"]
[Date "2002.??.??"]
[Round "?"]
[White "Soucha, Stepan"]
[Black "Hala, Martin"]
[Result "1-0"]
[WhiteElo "2335"]
[BlackElo "2405"]
[PlyCount "75"]
[EventDate "2002.??.??"]
[EventType "corr"]
[SourceDate "2004.??.??"]

1. d4 Nf6 2. c4 g6 3. Nc3 Bg7 4. e4 d6 5. Be2 O-O 6. Nf3 e5 7. O-O Nc6 8. d5
Ne7 9. b4 Nh5 10. Re1 c6 11. Ba3 Nf4 12. Bf1 f5 13. Nd2 cxd5 14. cxd5 fxe4 15.
Ncxe4 Bf5 16. b5 Nc8 17. Nc4 Bxe4 18. Rxe4 Qd7 19. g3 Nh5 20. Rh4 Bf6 21. Bh3
Qxb5 22. Rb1 Qa6 23. Bd7 Bxh4 24. Bb5 Qxa3 25. Nxa3 Bd8 26. Be2 Nf6 27. Rxb7
Bb6 28. Qa4 Bc5 29. Bg4 Kh8 30. Bxc8 Raxc8 31. Nc4 Rcd8 32. Nd2 Rb8 33. Rxb8
Rxb8 34. Nb3 Bb6 35. Qc6 Rd8 36. a4 Ng4 37. h3 Nxf2 38. a5 1-0

[Event "5MCR_4D_1L_1S"]
[Site "?"]
[Date "2002.??.??"]
[Round "?"]
[White "Soucha, Stepan"]
[Black "Hlavac, Frantisek"]
[Result "1-0"]
[WhiteElo "2335"]
[BlackElo "2405"]
[PlyCount "59"]
[EventDate "2002.??.??"]
[EventType "corr"]
[SourceDate "2004.??.??"]

1. d4 Nf6 2. c4 g6 3. Nc3 Bg7 4. e4 d6 5. Be2 O-O 6. Nf3 e5 7. O-O Nc6 8. d5
Ne7 9. b4 Nh5 10. Re1 f5 11. Ng5 Nf4 12. Bxf4 exf4 13. Rc1 Be5 14. Bf3 fxe4 15.
Bxe4 Nf5 16. Nf3 Bg7 17. Ne2 Nh4 18. Ned4 Nxf3+ 19. Bxf3 Bxd4 20. Qxd4 a5 21.
a3 axb4 22. axb4 Qf6 23. Qxf6 Rxf6 24. c5 Bf5 25. h4 Rf7 26. Rc4 Bd3 27. Rd4
Bb5 28. Ree4 Raf8 29. Bg4 Kh8 30. Be6 1-0

[Event "5MCR_4D_1L_1S"]
[Site "?"]
[Date "2002.??.??"]
[Round "?"]
[White "Soucha, Stepan"]
[Black "Hostinsky, Jiri"]
[Result "1/2-1/2"]
[WhiteElo "2335"]
[BlackElo "2430"]
[PlyCount "127"]
[EventDate "2002.??.??"]
[EventType "corr"]
[SourceDate "2004.??.??"]

1. d4 Nf6 2. c4 g6 3. Nc3 Bg7 4. e4 d6 5. Be2 O-O 6. Nf3 e5 7. O-O Nc6 8. d5
Ne7 9. b4 Nh5 10. Re1 f5 11. Ng5 Nf6 12. Bf3 c6 13. Be3 cxd5 14. cxd5 h6 15.
Ne6 Bxe6 16. dxe6 fxe4 17. Nxe4 Nxe4 18. Bxe4 d5 19. Bc2 b6 20. Qg4 e4 21. Rad1
Qc7 22. Bb3 Rf5 23. Rd2 Qc3 24. Qd1 Qxb4 25. g4 Rf6 26. Rd4 Qd6 27. Rxd5 Nxd5
28. Qxd5 Qxd5 29. Bxd5 Re8 30. Bc1 Kh7 31. Rxe4 Rf3 32. Be3 Re7 33. Kg2 Rf8 34.
Bc1 Rc8 35. Ba3 Ree8 36. Bc4 Rxc4 37. Rxc4 Rxe6 38. Rc7 Kg8 39. Rxa7 Re2 40.
Bd6 Bd4 41. Ra8+ Kf7 42. Rf8+ Kg7 43. Rf4 Bc5 44. Bxc5 bxc5 45. a4 Rb2 46. Kf3
Rb3+ 47. Ke2 g5 48. Rc4 Ra3 49. f4 Kf6 50. fxg5+ Kxg5 51. Kd2 Rh3 52. Re4 Kf6
53. Kc2 h5 54. gxh5 Rxh2+ 55. Kb3 Rxh5 56. Kc4 Kf5 57. Kd5 Rh8 58. Re3 Ra8 59.
Rf3+ Kg5 60. Ra3 Ra5 61. Kc6 c4 62. Kb6 Ra8 63. a5 Kf5 64. a6 1/2-1/2

[Event "5MCR_4D_1L_1S"]
[Site "?"]
[Date "2002.??.??"]
[Round "?"]
[White "Soucha, Stepan"]
[Black "Jandek, Stefan"]
[Result "1/2-1/2"]
[WhiteElo "2335"]
[BlackElo "2345"]
[PlyCount "36"]
[EventDate "2002.??.??"]
[EventType "corr"]
[SourceDate "2004.??.??"]

1. d4 d5 2. c4 c6 3. Nc3 Nf6 4. Nf3 e6 5. Bg5 h6 6. Bh4 dxc4 7. e4 Be7 8. e5
Nd5 9. Bxe7 Qxe7 10. Bxc4 Qb4 11. Qb3 Qxb3 12. Bxb3 Nxc3 13. bxc3 c5 14. Ke2
cxd4 15. cxd4 Bd7 16. d5 exd5 17. Bxd5 Nc6 18. Rhd1 O-O 1/2-1/2

[Event "5MCR_4D_1L_1S"]
[Site "?"]
[Date "2002.??.??"]
[Round "?"]
[White "Soucha, Stepan"]
[Black "Satransky, Jaroslav"]
[Result "1/2-1/2"]
[WhiteElo "2335"]
[BlackElo "2260"]
[PlyCount "42"]
[EventDate "2002.??.??"]
[EventType "corr"]
[SourceDate "2004.??.??"]

1. d4 Nf6 2. c4 c5 3. d5 b5 4. cxb5 a6 5. bxa6 Bxa6 6. Nc3 d6 7. Nf3 g6 8. g3
Bg7 9. Bg2 Nbd7 10. Rb1 O-O 11. O-O Nb6 12. b3 Qc7 13. Bb2 Rfb8 14. Re1 Ra7 15.
h3 Nbd7 16. Qc2 Rb4 17. Nd2 Rb8 18. Na4 Bb5 19. Nc3 Ba6 20. Na4 Bb5 21. Nc3 Ba6
1/2-1/2

[Event "5MCR_4D_1L_1S"]
[Site "?"]
[Date "2002.??.??"]
[Round "?"]
[White "Soucha, Stepan"]
[Black "Svoboda, Frantisek"]
[Result "1/2-1/2"]
[WhiteElo "2335"]
[BlackElo "2420"]
[PlyCount "64"]
[EventDate "2002.??.??"]
[EventType "corr"]
[SourceDate "2004.??.??"]

1. d4 Nf6 2. c4 e6 3. Nf3 b6 4. g3 Ba6 5. b3 Bb7 6. Bg2 Bb4+ 7. Bd2 a5 8. O-O
O-O 9. Qc2 d6 10. Bc3 d5 11. a3 Bd6 12. Bb2 Nbd7 13. Nc3 Re8 14. Rfd1 Qe7 15.
Nb5 dxc4 16. bxc4 Be4 17. Qd2 Rad8 18. a4 e5 19. c5 bxc5 20. dxe5 Bxe5 21. Bxe5
Nxe5 22. Qxa5 Nd5 23. Nc3 Nc4 24. Nxd5 Bxd5 25. Qc3 Qxe2 26. a5 Qb2 27. Qxb2
Nxb2 28. Rd2 Nc4 29. Rc2 c6 30. a6 Ra8 31. Nd2 Nxd2 32. Rxd2 Ra7 1/2-1/2

[Event "5MCR_4D_1L_1S"]
[Site "?"]
[Date "2002.??.??"]
[Round "?"]
[White "Soucha, Stepan"]
[Black "Zpevak, Pavel"]
[Result "1/2-1/2"]
[WhiteElo "2335"]
[BlackElo "2400"]
[PlyCount "90"]
[EventDate "2002.??.??"]
[EventType "corr"]
[SourceDate "2004.??.??"]

1. d4 Nf6 2. c4 e6 3. Nf3 b6 4. g3 Ba6 5. b3 Bb4+ 6. Bd2 Be7 7. Bg2 d5 8. cxd5
exd5 9. Nc3 O-O 10. O-O Bb7 11. Bc1 Re8 12. Bb2 Bd6 13. Rc1 a6 14. e3 Nbd7 15.
Re1 Qe7 16. Re2 Rad8 17. Rec2 c6 18. Ne2 Ne4 19. Nf4 a5 20. Nd3 Qe6 21. Nde5 c5
22. Nxd7 Rxd7 23. Qe2 Ra8 24. a4 Ba6 25. Qd1 f6 26. Ne1 Re8 27. Nd3 c4 28. Nf4
Qf7 29. bxc4 Bxc4 30. Qh5 g6 31. Qh3 Bxf4 32. gxf4 f5 33. Ba3 Qe6 34. Bf1 Rc7
35. Bd3 Rc6 36. Bxe4 Qxe4 37. Qg2 Qe6 38. Rc3 Qd7 39. Qf3 h6 40. h3 Kh7 41. Kh2
Rg8 42. Bb2 g5 43. Rg1 Rcg6 44. fxg5 hxg5 45. Ba3 Rh6 1/2-1/2

[Event "5MCR_4D_1L_1S"]
[Site "?"]
[Date "2002.??.??"]
[Round "?"]
[White "Straka, Zdenek"]
[Black "Boukal, Petr"]
[Result "1/2-1/2"]
[WhiteElo "2360"]
[BlackElo "2435"]
[PlyCount "73"]
[EventDate "2002.??.??"]
[EventType "corr"]
[SourceDate "2004.??.??"]

1. e4 c6 2. d4 d5 3. exd5 cxd5 4. c3 Nc6 5. Nf3 Bg4 6. Qb3 Bxf3 7. Qxb7 Qc8 8.
Qxc8+ Rxc8 9. gxf3 Nxd4 10. Ba6 Rc6 11. Bd3 a6 12. Nd2 Ne6 13. Nb3 g6 14. Be3
Bg7 15. Bc2 Rd6 16. Na5 d4 17. Ba4+ Kf8 18. cxd4 Bxd4 19. O-O-O Kg7 20. Nc6
Bxe3+ 21. fxe3 Nc5 22. Rxd6 exd6 23. Bc2 Nf6 24. Rd1 Rc8 25. Nd4 a5 26. Nb5 d5
27. Nc3 Na6 28. Bb3 Nc7 29. Kd2 Kf8 30. Ke2 Rb8 31. Rd4 Rb4 32. Rxb4 axb4 33.
Nd1 Nd7 34. Nf2 Nc5 35. Bc2 Ke7 36. Nd3 N7a6 37. a3 1/2-1/2

[Event "5MCR_4D_1L_1S"]
[Site "?"]
[Date "2002.??.??"]
[Round "?"]
[White "Straka, Zdenek"]
[Black "Hala, Martin"]
[Result "1/2-1/2"]
[WhiteElo "2360"]
[BlackElo "2405"]
[PlyCount "59"]
[EventDate "2002.??.??"]
[EventType "corr"]
[SourceDate "2004.??.??"]

1. e4 e5 2. Nf3 Nc6 3. d4 exd4 4. Nxd4 Bc5 5. Nxc6 bxc6 6. Nc3 Ne7 7. Na4 Bb6
8. Bd3 O-O 9. O-O d6 10. Bg5 f6 11. Bd2 Be6 12. Nxb6 axb6 13. f4 f5 14. g4 fxe4
15. Bxe4 Qd7 16. f5 Bd5 17. Re1 Rae8 18. Qf3 Bxe4 19. Rxe4 d5 20. Re2 Nc8 21.
Rae1 Nd6 22. Bb4 Rxe2 23. Rxe2 Re8 24. Bxd6 cxd6 25. Qf2 h5 26. h3 hxg4 27.
hxg4 c5 28. Qe1 Rxe2 29. Qxe2 Qa4 30. Qe6+ 1/2-1/2

[Event "5MCR_4D_1L_1S"]
[Site "?"]
[Date "2002.??.??"]
[Round "?"]
[White "Straka, Zdenek"]
[Black "Hlavac, Frantisek"]
[Result "1-0"]
[WhiteElo "2360"]
[BlackElo "2405"]
[PlyCount "83"]
[EventDate "2002.??.??"]
[EventType "corr"]
[SourceDate "2004.??.??"]

1. Nf3 Nf6 2. c4 g6 3. Nc3 Bg7 4. e4 d6 5. d4 O-O 6. Be2 e5 7. O-O Nc6 8. d5
Ne7 9. b4 a5 10. Ba3 Nh5 11. c5 Nf4 12. b5 Bg4 13. Nd2 Nxe2+ 14. Nxe2 dxc5 15.
Bxc5 b6 16. Ba3 Re8 17. Nc4 Nc8 18. Rc1 Bd7 19. Nc3 Qh4 20. Qd3 Rd8 21. Rc2 Ra7
22. Bc1 f5 23. a4 Nd6 24. f3 Rb7 25. Ba3 Nf7 26. d6 Be6 27. Nd5 cxd6 28. Bc1
Rdb8 29. Be3 Bh6 30. Ncxb6 Bxe3+ 31. Qxe3 fxe4 32. fxe4 Ng5 33. g3 Qh6 34. Nc4
Rf7 35. Rxf7 Bxf7 36. Qd3 Rf8 37. b6 Bxd5 38. Qxd5+ Kh8 39. Qxd6 Nf3+ 40. Kh1
Nxh2 41. Qxf8+ Qxf8 42. Kxh2 1-0

[Event "5MCR_4D_1L_1S"]
[Site "?"]
[Date "2002.??.??"]
[Round "?"]
[White "Straka, Zdenek"]
[Black "Jandek, Stefan"]
[Result "1-0"]
[WhiteElo "2360"]
[BlackElo "2345"]
[PlyCount "91"]
[EventDate "2002.??.??"]
[EventType "corr"]
[SourceDate "2004.??.??"]

1. e4 c5 2. Nf3 d6 3. d4 cxd4 4. Nxd4 Nf6 5. Nc3 a6 6. f3 e6 7. Be3 b5 8. g4 h6
9. Qd2 Nbd7 10. O-O-O Bb7 11. h4 b4 12. Na4 Qa5 13. b3 Nc5 14. a3 Nxa4 15. axb4
Qc7 16. bxa4 d5 17. e5 Nd7 18. f4 Nb6 19. Rh3 Nxa4 20. Bf2 Rc8 21. c4 dxc4 22.
Qc2 Bc6 23. Be1 Bb5 24. f5 Be7 25. fxe6 O-O 26. Qe4 f6 27. Nf5 Kh8 28. Nd6 fxe5
29. Nf7+ Rxf7 30. exf7 Bc6 31. Qg6 Qb7 32. g5 Bxb4 33. Bxb4 Qxb4 34. Qb1 Qe7
35. Qf5 Rf8 36. gxh6 g6 37. Qxg6 Qxf7 38. Qg5 Kh7 39. Re3 Rb8 40. Qxe5 Re8 41.
Qg5 Rxe3 42. Qxe3 Qf6 43. Qa7+ Kxh6 44. Qd4 Qxd4 45. Rxd4 Bb5 46. Bxc4 1-0

[Event "5MCR_4D_1L_1S"]
[Site "?"]
[Date "2002.??.??"]
[Round "?"]
[White "Straka, Zdenek"]
[Black "Merlicek, Jiri"]
[Result "1/2-1/2"]
[WhiteElo "2360"]
[BlackElo "2390"]
[PlyCount "58"]
[EventDate "2002.??.??"]
[EventType "corr"]
[SourceDate "2004.??.??"]

1. Nf3 Nf6 2. c4 e6 3. Nc3 c5 4. g3 b6 5. Bg2 Bb7 6. O-O Be7 7. Re1 d6 8. e4 a6
9. d4 cxd4 10. Nxd4 Qc7 11. Be3 Nbd7 12. f4 Rc8 13. Rc1 O-O 14. f5 e5 15. Nb3
Qb8 16. Qe2 Rfe8 17. g4 h6 18. h4 Nh7 19. Bf2 Bc6 20. Nd5 Bd8 21. Qd3 b5 22.
cxb5 Bxb5 23. Rxc8 Qxc8 24. Qg3 Qb8 25. Nc3 Bb6 26. Bxb6 Qxb6+ 27. Qf2 Qb8 28.
Bf1 Ndf6 29. Qg2 Qb6+ 1/2-1/2

[Event "5MCR_4D_1L_1S"]
[Site "?"]
[Date "2002.??.??"]
[Round "?"]
[White "Straka, Zdenek"]
[Black "Satransky, Jaroslav"]
[Result "1-0"]
[WhiteElo "2360"]
[BlackElo "2260"]
[PlyCount "60"]
[EventDate "2002.??.??"]
[EventType "corr"]
[SourceDate "2004.??.??"]

1. Nf3 Nf6 2. c4 c5 3. Nc3 b6 4. e4 d6 5. d4 cxd4 6. Nxd4 Bb7 7. Qe2 e6 8. g4
h6 9. h4 Be7 10. Bg2 Nfd7 11. Be3 Nc6 12. Nxc6 Bxc6 13. O-O-O a6 14. f4 Qc7 15.
g5 b5 16. f5 Ne5 17. fxe6 fxe6 18. gxh6 Bf6 19. cxb5 Bxb5 20. Qc2 Nc4 21. Bg5
Be5 22. hxg7 Qxg7 23. Bf1 Rc8 24. Bxc4 Rxc4 25. Kb1 Qb7 26. Qb3 Bxc3 27. bxc3
Qxe4+ 28. Ka1 Qf3 29. Rhf1 Qxc3+ 30. Qxc3 Rxc3 1-0

[Event "5MCR_4D_1L_1S"]
[Site "?"]
[Date "2002.??.??"]
[Round "?"]
[White "Straka, Zdenek"]
[Black "Soucha, Stepan"]
[Result "1/2-1/2"]
[WhiteElo "2360"]
[BlackElo "2335"]
[PlyCount "41"]
[EventDate "2002.??.??"]
[EventType "corr"]
[SourceDate "2004.??.??"]

1. Nf3 Nf6 2. c4 e6 3. Nc3 d5 4. d4 Be7 5. g3 O-O 6. Bg2 dxc4 7. Ne5 Nc6 8.
Bxc6 bxc6 9. Nxc6 Qe8 10. Nxe7+ Qxe7 11. Qa4 c5 12. Qxc4 cxd4 13. Qxd4 e5 14.
Qh4 Rb8 15. Bg5 Rxb2 16. O-O Qe6 17. Bxf6 Qxf6 18. Qxf6 gxf6 19. Rab1 Rxb1 20.
Rxb1 Be6 21. f3 1/2-1/2